| 000 | 00566nam a2200169Ia 4500 | ||
|---|---|---|---|
| 003 | IN-BaIIA | ||
| 008 | 211028s9999 xx 000 0 eng d | ||
| 040 | _cIIA Library | ||
| 080 |
_a524.337 _bREG |
||
| 110 |
_aRegia Societas Scientiarum Danica _91355 |
||
| 245 | 0 |
_aTychonis Brahe Dani, die XXIV Octobris A.D. MDCI defuncti, operum primitias De nova stella _cRegia Societas Scientiarum Danica |
|
| 260 |
_aHauniae _bRegia Societas Scientiarum Danica _c1901 |
||
| 300 | _a[various pagings.] | ||
| 650 |
_aNovae _91356 |
||
| 650 |
_aSupernovae _91357 |
||
| 942 | _cBK | ||
| 999 |
_c621 _d621 |
||